[Event "Titled Tue 20th May Early"]
[Site "chess.com INT"]
[Date "2025.05.20"]
[Round "5"]
[White "Khoo-Thwe, Louis"]
[Black "Saiz Rodriguez, Daniel Evelio"]
[Result "0-1"]
[BlackTitle "FM"]
[WhiteElo "2214"]
[BlackElo "2187"]
[WhiteFideId "1538756"]
[BlackFideId "3523420"]
[EventDate "2025.05.20"]

1. e4 c5 2. Nf3 g6 3. d4 cxd4 4. Nxd4 Nc6 5. Nc3 Bg7 6. Be3 Nf6 7. Bc4 O-O 8.
Bb3 Qa5 9. O-O d6 10. f3 Nxd4 11. Bxd4 Be6 12. Qd2 Rfc8 13. Rad1 Nd7 14. Nd5
Bxd4+ 15. Qxd4 Bxd5 16. Qxd5 Qxd5 17. Rxd5 a5 18. c3 a4 19. Bc2 a3 20. Rb1 axb2
21. Rxb2 Rxc3 22. Rd2 Nc5 23. Kf2 h5 24. h4 Kg7 25. Rd4 Rca3 26. Bb1 Rc3 27. Bc2
Kf6 28. a4 Ra3 29. Ke2 Nxa4 30. Rxb7 Ra2 31. Rc4 Nc5 32. Rb6 Kg7 33. Rc6 R8a3
34. Rc7 Ne6 35. Rxe7 Rxc2+ 36. Rxc2 Nd4+ 37. Kd2 Nxc2 38. Kxc2 Ra2+ 39. Kd3 Rxg2
40. Rd7 Rh2 41. Rxd6 Rxh4 42. Ke3 Rh1 43. Rd2 h4 44. Kf4 Rf1 45. Kg4 Rh1 46. f4
h3 47. Kg3 Kf6 48. Rh2 Rxh2 49. Kxh2 g5 50. fxg5+ Kxg5 51. Kxh3 Kf4 52. Kg2 Kxe4
53. Kf2 Kf4 54. Kg2 f6 55. Kf2 f5 56. Ke2 Kg3 57. Kf1 Kf3 58. Kg1 Ke2 59. Kg2 f4
60. Kh3 f3 61. Kg4 f2 62. Kf5 f1=Q+ 63. Ke6 Qf4 64. Kd5 Qe3 65. Kd6 Qe4 66. Kc5
Qd3 67. Kc6 Qd4 68. Kc7 Qd5 69. Kb6 Qc4 70. Kb7 Qc5 71. Ka6 Qb4 72. Ka7 Qb5 73.
Ka8 Kd3 74. Ka7 Kd4 75. Ka8 Kc5 76. Ka7 Kc6 77. Ka8 Qb7# 0-1

[Event "Titled Tue 20th May Early"]
[Site "chess.com INT"]
[Date "2025.05.20"]
[Round "5"]
[White "Wu, Derek"]
[Black "Kawka, Milena"]
[Result "1-0"]
[WhiteTitle "FM"]
[BlackTitle "WCM"]
[WhiteElo "2232"]
[BlackElo "2004"]
[WhiteFideId "30914558"]
[BlackFideId "21095167"]
[EventDate "2025.05.20"]

1. e4 c5 2. Nf3 Nc6 3. c3 Nf6 4. e5 Nd5 5. Bc4 Nb6 6. Bb3 c4 7. Bc2 d6 8. exd6
Qxd6 9. O-O g6 10. b3 Bg7 11. Na3 cxb3 12. Nb5 Qd8 13. axb3 O-O 14. d4 a6 15.
Na3 e5 16. Bg5 Qd6 17. dxe5 Qxd1 18. Raxd1 Nxe5 19. Nxe5 Bxe5 20. c4 Be6 21. Be4
Rab8 22. Nc2 Nd7 23. Nb4 Nc5 24. Bc2 f6 25. Be3 Nd7 26. Nd5 b5 27. f4 Bb2 28.
Nc7 Bg4 29. Rd6 Ba3 30. Rxa6 Bc5 31. Re1 bxc4 32. bxc4 Bxe3+ 33. Rxe3 Rb2 34.
Be4 Nc5 35. Bd5+ Kh8 36. Ra1 Rc8 37. Nb5 Kg7 38. Nd6 Rd8 39. Ne8+ Kh6 40. Nxf6
Bf5 41. Re7 g5 42. g4 Bd3 43. h4 gxf4 44. g5+ Kg6 45. Nxh7 Kh5 46. Nf6+ Kxh4 47.
g6 Kg3 48. g7 f3 49. Nh5+ Kh3 50. Nf4+ Kg3 51. Nxd3 Nxd3 52. g8=Q+ Rxg8 53. Bxg8
f2+ 54. Kf1 Nf4 55. Rg7+ Kf3 56. Bd5+ Nxd5 57. cxd5 Rd2 58. Rf7+ Ke4 59. d6 Rxd6
60. Rxf2 Ke3 61. Re1+ Kd4 62. Rd1+ 1-0

[Event "Titled Tue 20th May Early"]
[Site "chess.com INT"]
[Date "2025.05.20"]
[Round "5"]
[White "Tologon tegin, Semetei"]
[Black "Ristic, Nebojsa M"]
[Result "1-0"]
[WhiteTitle "IM"]
[BlackTitle "IM"]
[WhiteElo "2313"]
[BlackElo "2248"]
[WhiteFideId "13800574"]
[BlackFideId "900850"]
[EventDate "2025.05.20"]

1. d4 Nf6 2. c4 g6 3. Nc3 Bg7 4. e4 d6 5. f4 O-O 6. Nf3 Na6 7. Be2 e5 8. dxe5
dxe5 9. Qxd8 Rxd8 10. Nxe5 Nc5 11. Bf3 Be6 12. Be3 Nd3+ 13. Nxd3 Rxd3 14. Kf2
Bxc4 15. e5 Nd5 16. Nxd5 Bxd5 17. Be2 Rxe3 18. Kxe3 Bxg2 19. Rhg1 Bd5 20. Bf3
Be6 21. b3 Bf8 22. Rgc1 c6 23. Rc2 a5 24. Rb1 Bb4 25. Be4 Kf8 26. Rf1 a4 27.
bxa4 Rxa4 28. f5 Ra3+ 29. Ke2 gxf5 30. Bxf5 Rxa2 31. Rxa2 Bxa2 32. Bxh7 Bc4+ 33.
Bd3 Be6 34. Ke3 Bc5+ 35. Kf4 Be7 36. Rh1 Kg7 37. h4 Kh6 38. Be2 b6 39. Bf3 c5
40. h5 b5 41. Ke3 b4 42. Kd3 c4+ 43. Kc2 b3+ 44. Kc3 Bc5 45. Be2 Bb6 46. Bxc4
Ba5+ 47. Kxb3 Bg4 48. Bxf7 Bc7 49. e6 Bd6 50. Kc4 Bf3 51. Rf1 Be2+ 52. Kd5 Bxf1
53. Kxd6 Bc4 54. Bg6 Bb3 55. e7 Ba4 56. Kc7 Bb5 57. Kd8 Kg7 58. Bf5 Ba4 59. Bd7
Bxd7 60. Kxd7 Kh6 61. e8=Q Kh7 62. Qg6+ Kh8 63. Qg5 Kh7 64. Ke7 Kh8 65. Kf7 Kh7
66. Qg7# 1-0

[Event "Titled Tue 20th May Early"]
[Site "chess.com INT"]
[Date "2025.05.20"]
[Round "5"]
[White "Roienko, Artur"]
[Black "Punin, Andrii"]
[Result "0-1"]
[BlackTitle "FM"]
[WhiteElo "2215"]
[BlackElo "2289"]
[WhiteFideId "14136732"]
[BlackFideId "14112639"]
[EventDate "2025.05.20"]

1. e4 d5 2. Nc3 dxe4 3. Nxe4 Qd5 4. Nc3 Qa5 5. d4 Nf6 6. Nf3 c6 7. Bc4 Bf5 8.
Qe2 e6 9. Bd2 Bb4 10. a3 O-O 11. O-O Bxc3 12. Bxc3 Qc7 13. Bb3 Nbd7 14. Bd2 Bg4
15. h3 Bh5 16. Qd3 Bg6 17. Qe2 Rfe8 18. Rfe1 a5 19. a4 Rac8 20. Bg5 c5 21. c3 c4
22. Bc2 Bxc2 23. Qxc2 Nd5 24. Qd2 h6 25. Bh4 Qf4 26. Qe2 Qf5 27. Bg3 Nf4 28.
Bxf4 Qxf4 29. Qe3 Qxe3 30. Rxe3 Nf6 31. Ne5 Nd5 32. Rf3 Rc7 33. Re1 Rb8 34. Ra1
f6 35. Ng6 Kh7 36. Nf4 Nxf4 37. Rxf4 b5 38. axb5 Rxb5 39. Ra2 Rcb7 40. Re4 R7b6
41. g3 Kg6 42. Kg2 Kf7 43. Re2 h5 44. f4 g6 45. Kf3 Ke7 46. g4 Kd6 47. Ra4 Rxb2
48. Rxb2 Rxb2 49. Rxc4 hxg4+ 50. hxg4 Rb3 51. Ke2 Ra3 52. Kd3 Ra1 53. Rc5 a4 54.
Ra5 a3 55. f5 gxf5 56. gxf5 exf5 57. Kc4 f4 58. Kb3 f3 59. Rf5 Rf1 60. Rxf6+ Ke7
61. Rf4 f2 0-1

[Event "Titled Tue 20th May Early"]
[Site "chess.com INT"]
[Date "2025.05.20"]
[Round "5"]
[White "Li, Hui"]
[Black "Harriott, Tyrell"]
[Result "1/2-1/2"]
[WhiteTitle "CM"]
[WhiteElo "2041"]
[BlackElo "1924"]
[WhiteFideId "15400310"]
[BlackFideId "2086484"]
[EventDate "2025.05.20"]

1. e4 d6 2. d4 Nf6 3. Nc3 Nbd7 4. Nf3 e5 5. Bc4 Be7 6. O-O O-O 7. a4 c6 8. Re1
Qc7 9. a5 Rb8 10. Bb3 h6 11. h3 Re8 12. Be3 Nf8 13. d5 c5 14. Nb5 Qd8 15. Nxa7
Bd7 16. a6 Qb6 17. axb7 Rxb7 18. Nc6 Bxc6 19. dxc6 Qxc6 20. Ba4 Qxe4 21. Bxe8
Nxe8 22. Bxc5 Qg6 23. Ba3 Ne6 24. Qd3 f5 25. Qd5 Rc7 26. Nd4 Kf7 27. Nxe6 Qxe6
28. Qxe6+ Kxe6 29. c3 Nf6 30. f3 Nd5 31. Rad1 f4 32. Kh2 Ne3 33. Rd2 Bh4 34.
Ree2 Nf1+ 35. Kh1 Nxd2 36. Rxd2 Rc6 37. Rd3 d5 38. Rd1 e4 39. fxe4 dxe4 40. Kg1
e3 41. Kf1 g5 42. Ke2 h5 43. Rd4 Ke5 44. Rd7 g4 45. hxg4 hxg4 46. Rg7 Kf5 47.
Rf7+ Bf6 48. Be7 Re6 49. Rxf6+ Rxf6 50. Bxf6 Kxf6 51. g3 Ke5 52. b4 Ke4 53. gxf4
Kxf4 54. b5 g3 55. b6 g2 56. b7 g1=Q 57. b8=Q+ Kf5 58. Qf8+ Ke6 59. Qe8+ Kd6 60.
Qxe3 Qxe3+ 61. Kxe3 Kd5 62. Kd3 Kc5 63. c4 Kc6 64. Kd4 Kd6 65. c5+ Kc6 66. Kc4
Kc7 67. Kd5 Kd7 68. Kd4 Kc6 69. Kc4 Kc7 70. Kb4 Kc6 71. Kc4 1/2-1/2

[Event "Titled Tue 20th May Early"]
[Site "chess.com INT"]
[Date "2025.05.20"]
[Round "5"]
[White "Ostensen, Nicolai Maxime"]
[Black "Hungaski, Robert"]
[Result "1-0"]
[WhiteTitle "FM"]
[BlackTitle "GM"]
[WhiteElo "2283"]
[BlackElo "2477"]
[WhiteFideId "1546970"]
[BlackFideId "2021030"]
[EventDate "2025.05.20"]

1. e4 e6 2. d4 d5 3. Nd2 Nf6 4. e5 Nfd7 5. c3 c5 6. f4 b5 7. Bxb5 Qb6 8. Bxd7+
Nxd7 9. Ngf3 Ba6 10. Nb3 cxd4 11. Nfxd4 Nc5 12. Nxc5 Bxc5 13. b4 Bxd4 14. Qxd4
Qxd4 15. cxd4 Rc8 16. a4 Bd3 17. Be3 Rc2 18. Rc1 Re2+ 19. Kd1 O-O 20. Rc3 Rxe3
21. Kd2 Re2+ 22. Kxd3 Rxg2 23. Rhc1 f6 24. Rc8 fxe5 25. Rxf8+ Kxf8 26. dxe5 Rxh2
27. Rc7 Rh3+ 28. Ke2 Rb3 29. b5 h5 30. Rxa7 h4 31. Kf2 h3 32. Kg1 d4 33. Rd7 Rb4
34. Kh2 Kg8 35. b6 Rxb6 36. Rxd4 Rb3 37. Rd6 Ra3 38. Rxe6 Rxa4 39. f5 Ra3 40.
Rg6 Kf7 41. Rg3 Ra5 42. Re3 Ke7 43. Kxh3 Ra4 44. Kg3 Ra5 45. Kf4 Ra4+ 46. Kg5
Ra1 47. Rb3 Rg1+ 48. Kh5 Kf7 49. Rb7+ Kg8 50. e6 Kh7 51. Rb8 Rh1+ 52. Kg4 Rg1+
53. Kf3 Re1 54. Kf4 Rf1+ 55. Ke5 Re1+ 56. Kd6 Rf1 57. e7 Rd1+ 58. Ke6 Re1+ 59.
Kf7 Re5 60. e8=Q Rxf5+ 61. Ke6 Rf6+ 62. Ke5 Re6+ 63. Kxe6 1-0

[Event "Titled Tue 20th May Early"]
[Site "chess.com INT"]
[Date "2025.05.20"]
[Round "5"]
[White "Aakash, G"]
[Black "Zou, Chen"]
[Result "1/2-1/2"]
[WhiteTitle "FM"]
[BlackTitle "IM"]
[WhiteElo "2114"]
[BlackElo "2443"]
[WhiteFideId "25644394"]
[BlackFideId "8610959"]
[EventDate "2025.05.20"]

1. b3 e5 2. Bb2 Nc6 3. e3 Nf6 4. Bb5 Bd6 5. Nf3 Qe7 6. d4 exd4 7. Nxd4 Nxd4 8.
Bxd4 O-O 9. Nd2 Be5 10. Bxe5 Qxe5 11. Bd3 d5 12. O-O Bg4 13. Be2 Bxe2 14. Qxe2
Rad8 15. Nf3 Qe7 16. Rad1 c6 17. c4 dxc4 18. Qxc4 h6 19. h3 a6 20. Nh4 Qe4 21.
Qxe4 Nxe4 22. Nf5 Nc3 23. Rxd8 Rxd8 24. Kh2 Nxa2 25. e4 Nb4 26. e5 Rd3 27. Rb1
b5 28. f4 a5 29. Ra1 Nd5 30. Rxa5 Nxf4 31. Ra2 Rxb3 32. Ne7+ Kh7 33. Nxc6 Rc3
34. Nd8 b4 35. Nxf7 b3 36. Ra8 b2 37. Rb8 Nd3 38. e6 Rc7 39. h4 Kg6 40. Nd6 Re7
41. Nc4 Rxe6 42. Nxb2 Nf4 43. Rb4 Kf5 44. Kg3 g5 45. hxg5 hxg5 46. Nd1 Re1 47.
Nf2 Re3+ 48. Kh2 Re2 49. Kg3 Re3+ 50. Kh2 Kg6 51. Ng4 Re2 52. Kg3 Rxg2+ 53. Kf3
Ra2 54. Rb6+ Kf7 55. Ne5+ Kg7 56. Kg4 Ra5 57. Nf3 Ng6 1/2-1/2

[Event "Titled Tue 20th May Early"]
[Site "chess.com INT"]
[Date "2025.05.20"]
[Round "5"]
[White "Cunha, Lucas Aguiar"]
[Black "Ashraf, Artin"]
[Result "1-0"]
[WhiteTitle "FM"]
[BlackTitle "FM"]
[WhiteElo "2254"]
[BlackElo "2407"]
[WhiteFideId "2125404"]
[BlackFideId "22514805"]
[EventDate "2025.05.20"]

1. e4 e5 2. Nf3 Nc6 3. Nc3 Nf6 4. Bb5 Nd4 5. Ba4 c6 6. d3 b5 7. Bb3 Nxb3 8. axb3
d6 9. h3 Be7 10. Be3 O-O 11. Rxa7 Rxa7 12. Bxa7 c5 13. Qa1 b4 14. Ne2 Qc7 15.
O-O Bb7 16. Qa4 Ra8 17. Ra1 g6 18. Nd2 Bc6 19. Qa5 Qxa5 20. Rxa5 Bd8 21. Ra2 Bb5
22. Nc1 Kf8 23. Nc4 Bxc4 24. bxc4 Nd7 25. Bxc5 Rc8 26. Bxd6+ Kg7 27. Nb3 Rc6 28.
c5 Bc7 29. Bxc7 Rxc7 30. Ra5 f5 31. exf5 gxf5 32. Rb5 Kf6 33. Rxb4 Kg5 34. h4+
Kh5 35. Rc4 Nf6 36. g3 e4 37. Kg2 Kg6 38. Nd4 Ng4 39. Ne6 Rc6 40. Nf4+ Kf6 41.
dxe4 fxe4 42. Rxe4 Kf5 43. Rc4 Ne5 44. Rc3 Nd7 45. b4 Rc8 46. c6 Nb6 47. Rc5+
Ke4 48. b5 Kd4 49. Nd3 Nd5 50. h5 Nb6 51. h6 Rc7 52. Rg5 Nd5 53. Rg7 Rc8 54.
Rxh7 Kc3 55. Rg7 Kxc2 56. Rg5 Rh8 57. Rxd5 Rxh6 58. c7 Rh8 59. b6 Rb8 60. cxb8=Q
Kb3 61. b7 Kc4 62. Qd6 Kb3 63. Qb6+ Kc2 64. Qb2+ Kd1 65. Qc1+ Ke2 66. Qe1# 1-0

[Event "Titled Tue 20th May Early"]
[Site "chess.com INT"]
[Date "2025.05.20"]
[Round "5"]
[White "Matyakubov, Miraziz"]
[Black "Deveci, Huseyin Said"]
[Result "1-0"]
[WhiteTitle "CM"]
[BlackTitle "CM"]
[WhiteElo "2272"]
[BlackElo "2212"]
[WhiteFideId "14215772"]
[BlackFideId "26322455"]
[EventDate "2025.05.20"]

1. e4 e5 2. Nf3 Nc6 3. Bb5 b6 4. O-O Bd6 5. c3 Nge7 6. d4 Ng6 7. Nbd2 O-O 8. Nc4
Be7 9. d5 a6 10. Bxc6 dxc6 11. Ncxe5 cxd5 12. exd5 Nxe5 13. Nxe5 Bd6 14. Re1 Qf6
15. Nc6 Bd7 16. Be3 Rae8 17. Nd4 Qg6 18. Kh1 f5 19. f4 Re4 20. Qf3 Rfe8 21. Bd2
Qf7 22. Rxe4 fxe4 23. Qg3 Qxd5 24. Be3 c5 25. Ne2 Bb5 26. Ng1 Bd3 27. Nh3 Qf5
28. Re1 Re6 29. Ng5 Rg6 30. Qh3 Qxh3 31. Nxh3 h6 32. Nf2 Re6 33. g3 Bc4 34. Kg2
Bxa2 35. Rd1 Be7 36. Rd7 Kf8 37. f5 Re5 38. g4 Rd5 39. Rb7 Rd6 40. Bf4 Rc6 41.
Rb8+ Kf7 42. Nd1 Bd5 43. Ne3 Bb3 44. Rb7 b5 45. Be5 a5 46. Bxg7 Kxg7 47. Rxe7+
Kf6 48. Rxe4 a4 49. Kf3 b4 50. cxb4 c4 51. Nd5+ Kg5 52. Kg3 h5 53. h4+ Kh6 54.
g5+ Kg7 55. Re7+ Kf8 56. Rb7 c3 57. Nxc3 a3 58. Rb8+ Ke7 59. f6+ Kf7 60. Rb7+
Kg6 61. Rg7+ Kf5 62. f7 Rc8 63. Rg8 Rxg8 64. fxg8=Q Bxg8 65. bxa3 1-0

[Event "Titled Tue 20th May Early"]
[Site "chess.com INT"]
[Date "2025.05.20"]
[Round "5"]
[White "Aarit Kapil"]
[Black "Aravindh, Chithambaram VR."]
[Result "0-1"]
[WhiteTitle "CM"]
[BlackTitle "GM"]
[WhiteElo "2098"]
[BlackElo "2749"]
[WhiteFideId "33408947"]
[BlackFideId "5072786"]
[EventDate "2025.05.20"]

1. e4 e5 2. Nf3 Nc6 3. Bb5 a6 4. Ba4 Nge7 5. O-O Ng6 6. c3 d6 7. d4 Bd7 8. Bg5
Be7 9. Bxe7 Qxe7 10. Nbd2 O-O 11. Re1 Kh8 12. Nf1 Nf4 13. Ne3 Rae8 14. Nd5 Qd8
15. Bxc6 Bxc6 16. dxe5 Bxd5 17. exd5 dxe5 18. Rxe5 Rxe5 19. Nxe5 Qg5 20. Ng4 Re8
21. Qf3 h5 22. Ne3 Kg8 23. g3 Nd3 24. h4 Qg6 25. b3 Ne5 26. Qf5 Qxf5 27. Nxf5
Ng4 28. f3 Nf6 29. d6 g6 30. Ne7+ Kf8 31. Rd1 cxd6 32. Nd5 Nxd5 33. Rxd5 Re3 34.
Rxd6 Rxf3 35. Rb6 Rxg3+ 36. Kf2 Rxc3 37. a4 Rc7 38. Ke3 Ke7 39. Ke4 f6 40. Kf4
Kf7 41. Ke4 Re7+ 42. Kf4 Kg7 43. b4 Rc7 44. a5 Kf7 45. Ke4 Rd7 46. Kf4 Re7 47.
Kf3 Rd7 48. Kf4 Kg7 49. Kf3 g5 50. hxg5 fxg5 51. Ke4 Rf7 52. Ke5 h4 53. Rd6 h3
54. Rd3 h2 55. Rh3 Rf4 56. Rxh2 Rxb4 57. Ke6 Rb5 58. Rc2 Kg6 59. Rc7 g4 60. Rc8
Kg5 61. Rg8+ Kf4 62. Rf8+ Ke3 63. Rb8 g3 0-1

[Event "Titled Tue 20th May Early"]
[Site "chess.com INT"]
[Date "2025.05.20"]
[Round "5"]
[White "Genkeswaran, Genivan"]
[Black "Naranjo Moreno, Antonio"]
[Result "0-1"]
[WhiteTitle "CM"]
[BlackTitle "FM"]
[WhiteElo "2197"]
[BlackElo "2289"]
[WhiteFideId "5754496"]
[BlackFideId "2278626"]
[EventDate "2025.05.20"]

1. e4 e5 2. Nf3 Nc6 3. Bc4 Nf6 4. d3 h6 5. h3 g6 6. c3 Bg7 7. O-O O-O 8. Be3 d5
9. exd5 Nxd5 10. Bxd5 Qxd5 11. Qd2 Kh7 12. Rd1 Bf5 13. Qe2 Rad8 14. d4 exd4 15.
Nxd4 Rfe8 16. Na3 Bxd4 17. cxd4 Nxd4 18. Qd2 c5 19. Bxh6 Bxh3 20. Qg5 Qxg5 21.
Bxg5 Rd5 22. Be3 Bg4 23. Re1 b6 24. Rac1 Be6 25. Bxd4 Rxd4 26. Nb5 Rd2 27. Nc7
Re7 28. Nxe6 fxe6 29. Rb1 Kg7 30. Kf1 Kf6 31. Re2 Red7 32. Ke1 Rxe2+ 33. Kxe2
Ke5 34. Rc1 Rd4 35. Rc3 Re4+ 36. Kd2 Rd4+ 37. Ke2 Rb4 38. b3 g5 39. g3 g4 40.
Rd3 Rd4 41. Rc3 Kd5 42. a3 b5 43. Rc1 Re4+ 44. Kd2 Kd4 45. Rh1 c4 46. bxc4 bxc4
47. Rh8 c3+ 48. Kc1 Re1+ 49. Kc2 Re2+ 50. Kd1 Rxf2 51. Rd8+ Ke3 52. Rd6 e5 53.
Rd5 e4 54. Rc5 c2+ 55. Kc1 Kd3 56. Rd5+ Kc3 57. Rc5+ Kb3 58. Rb5+ Kxa3 59. Ra5+
Kb3 60. Rb5+ Kc4 61. Rb8 Kd3 62. Rd8+ Ke3 63. Rd7 Kf3 64. Rxa7 Kxg3 65. Rf7 Rxf7
66. Kxc2 Rd7 67. Kc3 e3 68. Kc4 e2 69. Kc5 e1=Q 70. Kc6 Qe6+ 71. Kc5 Rd5+ 72.
Kb4 Qe4+ 73. Kc3 Rd3+ 74. Kc2 Qe2+ 75. Kc1 Rd1# 0-1

[Event "Titled Tue 20th May Early"]
[Site "chess.com INT"]
[Date "2025.05.20"]
[Round "5"]
[White "Danzer, George"]
[Black "Skytte, Robert"]
[Result "1/2-1/2"]
[WhiteTitle "CM"]
[WhiteElo "2172"]
[BlackElo "2007"]
[WhiteFideId "4659465"]
[BlackFideId "1471775"]
[EventDate "2025.05.20"]

1. e4 c5 2. Nf3 Nc6 3. d4 cxd4 4. Nxd4 g6 5. c4 Bg7 6. Be3 Nf6 7. Nc3 O-O 8. Be2
b6 9. O-O Bb7 10. f3 Nxd4 11. Bxd4 Qc7 12. Rc1 Bh6 13. Rc2 Bf4 14. Bxf6 exf6 15.
h3 Qc5+ 16. Kh1 Bc6 17. Nd5 Bxd5 18. Qxd5 Qxd5 19. cxd5 Rac8 20. Bd3 Rxc2 21.
Bxc2 Rc8 22. Bd3 Rc5 23. Kg1 Be3+ 24. Kh2 Bf4+ 25. g3 Be5 26. Rb1 d6 27. Kg2 Bd4
28. Kf1 g5 29. Ke2 Be5 30. g4 Kf8 31. Kd2 Bf4+ 32. Ke2 Ke7 33. Rd1 Be5 34. Rd2
Kd7 35. Rc2 Rxc2+ 36. Bxc2 Bxb2 37. Kd3 Be5 38. Ba4+ Kc7 39. Be8 a6 40. Bxf7 h6
41. Be8 b5 42. Bf7 Kb6 43. Kc2 a5 44. Kb3 Kc5 45. Kc2 a4 46. Be8 Kb4 47. Bd7 Ka5
48. Be8 Kb4 49. Bd7 Ka5 50. Be8 Bd4 51. Bd7 Kb4 52. Be8 Kc4 53. Bd7 a3 54. Bc6
b4 55. Ba4 Be5 56. Bb3+ Kd4 57. Kd2 Bf4+ 58. Ke2 Kc3 59. Kf2 Kd2 60. Kg2 Ke2 61.
Bc4+ Ke3 62. Bb3 Be5 63. Bc4 Bd4 64. Bb3 Bc3 65. Bc4 Kf4 66. Bb3 Bd4 67. Bc4 Be3
68. Bb3 Ke5 69. Bc4 Kd4 70. Bb3 Bd2 71. Kf1 Bf4 72. Kg2 Ke5 73. Bc4 Kd4 74. Bb3
Ke5 75. Kf1 Kd4 76. Kg2 1/2-1/2

[Event "Titled Tue 20th May Early"]
[Site "chess.com INT"]
[Date "2025.05.20"]
[Round "5"]
[White "Rosen, Eric"]
[Black "Krzywda, Andrzej"]
[Result "1-0"]
[WhiteTitle "IM"]
[BlackTitle "CM"]
[WhiteElo "2377"]
[BlackElo "2175"]
[WhiteFideId "2032562"]
[BlackFideId "1114565"]
[EventDate "2025.05.20"]

1. d4 d5 2. Bf4 Nf6 3. Nf3 c5 4. e3 Nc6 5. Nbd2 cxd4 6. exd4 Qb6 7. Nb3 Bf5 8.
c3 a5 9. a4 e6 10. Be2 Be7 11. h3 h6 12. O-O Ne4 13. Re1 O-O 14. Bf1 Rfc8 15.
Ra2 Bf8 16. Nc1 Bd6 17. Bxd6 Nxd6 18. Bd3 Be4 19. Nd2 Bf5 20. Bxf5 Nxf5 21. Nd3
Qc7 22. Qg4 b6 23. Raa1 Nd6 24. Re2 Ne7 25. Ne5 Nc6 26. Ndf3 Nxe5 27. Nxe5 Nc4
28. Nd3 Rab8 29. h4 Nd6 30. h5 Ne4 31. Re3 Nf6 32. Qe2 Qc4 33. g4 Ne4 34. Kg2 b5
35. f3 Ng5 36. axb5 Rxb5 37. Nc5 Qxe2+ 38. Rxe2 e5 39. Rxe5 Rxb2+ 40. Kg3 Rc2
41. Ra3 Ne6 42. Rxd5 Nc7 43. Rd7 Nb5 44. Rxa5 Nxc3 45. Raa7 Rf8 46. Ne6 Ne2+ 47.
Kh3 Re8 48. Rxf7 Rxe6 49. Rxg7+ Kf8 50. Rh7 Kg8 51. Rag7+ Kf8 52. Rb7 Kg8 53.
Rhg7+ Kf8 54. Rgf7+ Kg8 55. Rfd7 Re8 56. Rg7+ Kh8 57. Rh7+ Kg8 58. Rxh6 Nf4+ 59.
Kg3 Nd5 60. Rg6+ Kf8 61. h6 Ne7 62. Rg7 Rc1 63. Kg2 Rc2+ 64. Kg3 Rc1 65. d5 Rg1+
66. Kf2 Rh1 67. d6 Nd5 68. Rbf7# 1-0

[Event "Titled Tue 20th May Early"]
[Site "chess.com INT"]
[Date "2025.05.20"]
[Round "5"]
[White "Aradhya, Garg"]
[Black "Arencibia Monduy, Antonio"]
[Result "1/2-1/2"]
[WhiteTitle "IM"]
[BlackTitle "CM"]
[WhiteElo "2383"]
[BlackElo "2115"]
[WhiteFideId "25006746"]
[BlackFideId "3507939"]
[EventDate "2025.05.20"]

1. d4 d6 2. g3 c6 3. Bg2 Qc7 4. Nf3 e5 5. Nc3 Nf6 6. e4 Be7 7. O-O O-O 8. a4 Bg4
9. h3 Bh5 10. Be3 Nbd7 11. Re1 Rfe8 12. a5 a6 13. Qd2 Bf8 14. g4 Bg6 15. Nh4
Rad8 16. Nxg6 hxg6 17. d5 cxd5 18. exd5 Rc8 19. Ra4 Be7 20. Bf3 Nh7 21. Be2 f5
22. f3 Rf8 23. Rf1 Qd8 24. Kg2 Nc5 25. Rc4 Nd7 26. b4 Rxc4 27. Bxc4 Qc7 28. Bb3
Rc8 29. Na4 Qd8 30. c4 Bg5 31. c5 Bxe3 32. Qxe3 Qe7 33. Rc1 Rf8 34. c6 bxc6 35.
dxc6+ Kh8 36. cxd7 Qxd7 37. Qb6 Qe7 38. Rc7 Qg5 39. Qxd6 fxg4 40. hxg4 e4 41.
Bd1 exf3+ 42. Bxf3 Re8 43. Qd7 Rg8 44. Rc8 Nf6 45. Rxg8+ Kxg8 46. Qe6+ Kh7 47.
Nc5 Qd2+ 48. Qe2 Qxb4 49. Ne6 Qxa5 50. g5 Nh5 51. Bxh5 gxh5 52. Qxh5+ Kg8 53.
Qe8+ Kh7 54. Nf8+ Kg8 55. Nd7+ Kh7 56. Nf8+ Kg8 57. Ne6+ Kh7 58. Kg3 Qe5+ 59.
Kg4 Qe4+ 60. Kg3 Qe3+ 61. Kg4 Qe4+ 62. Kg3 Qe3+ 63. Kg2 Qe2+ 64. Kh3 Qe3+ 65.
Kg4 Qe4+ 1/2-1/2

[Event "Titled Tue 20th May Early"]
[Site "chess.com INT"]
[Date "2025.05.20"]
[Round "5"]
[White "Moghaddamian, Afshin"]
[Black "Nagare Kaivalya Sandip"]
[Result "0-1"]
[WhiteTitle "CM"]
[BlackTitle "FM"]
[WhiteElo "2126"]
[BlackElo "2321"]
[WhiteFideId "12503886"]
[BlackFideId "25957929"]
[EventDate "2025.05.20"]

1. Nf3 Nf6 2. g3 d5 3. Bg2 g6 4. O-O Bg7 5. d4 O-O 6. c4 c6 7. cxd5 cxd5 8. Ne5
Nc6 9. Nxc6 bxc6 10. Nc3 Bf5 11. Bf4 Ne4 12. Nxe4 dxe4 13. Be3 Qb6 14. Qc2 Bxd4
15. Bxd4 Qxd4 16. e3 Qe5 17. Qxc6 Qxb2 18. Bxe4 Rac8 19. Qb7 Qxb7 20. Bxb7 Rc2
21. Rfc1 Rb2 22. Bd5 Bc2 23. Bb3 Rc8 24. h4 a5 25. Kf1 Rc5 26. Kg2 Be4+ 27. Kg1
Rf5 28. Rf1 Bd3 29. g4 Rf3 30. Rfd1 Be4 31. Rd4 Bb7 32. Rd7 Ba6 33. Kg2 Rbxf2+
34. Kg1 Re2 35. Rxe7 Rg3+ 36. Kh1 Rh3+ 37. Kg1 Rhxe3 38. Bxf7+ Kf8 39. Rxe3 Rxe3
40. Bb3 Rg3+ 41. Kh2 Rxg4 42. Kh3 Rd4 43. Rc1 a4 44. Be6 Ke7 45. Bg4 Rd3+ 46.
Kg2 Rd2+ 47. Kg3 h5 48. Rc7+ Kd8 49. Ra7 Bd3 50. Ra8+ Ke7 51. Bf3 Rxa2 52. Bc6
a3 53. Kf3 Ra1 54. Bd5 Bf5 55. Kf4 Kd6 56. Bb3 Rh1 57. Kg5 Rg1+ 58. Kf6 Rg3 59.
Ra6+ Kc5 0-1

[Event "Titled Tue 20th May Early"]
[Site "chess.com INT"]
[Date "2025.05.20"]
[Round "5"]
[White "Setumadhav, Yellumahanthi"]
[Black "Dinesh, Rajan M"]
[Result "1-0"]
[WhiteTitle "FM"]
[BlackTitle "CM"]
[WhiteElo "2254"]
[BlackElo "2133"]
[WhiteFideId "25920669"]
[BlackFideId "35060600"]
[EventDate "2025.05.20"]

1. e4 c5 2. Nf3 e6 3. d4 cxd4 4. Nxd4 Nf6 5. Nc3 Nc6 6. Ndb5 Bb4 7. a3 Bxc3+ 8.
Nxc3 d5 9. exd5 exd5 10. Bd3 O-O 11. O-O Bg4 12. f3 Bh5 13. Kh1 d4 14. Ne2 Bg6
15. Bg5 Qd6 16. b4 Nd5 17. c4 Ne3 18. Bxe3 dxe3 19. Bxg6 Qxg6 20. Nf4 Qh6 21.
Nd5 Rfe8 22. Re1 Re5 23. Re2 Rae8 24. Qd3 f5 25. f4 Re4 26. Rae1 Qh4 27. h3 Qg3
28. Rxe3 Qxe1+ 29. Rxe1 Rxe1+ 30. Kh2 R8e4 31. b5 Nd4 32. Ne3 R1xe3 33. Qd2 Re2
34. Qa5 h6 35. Qxa7 Rxf4 36. Qb8+ Kh7 37. Qxf4 Re4 38. Qc7 f4 39. Qxb7 Re2 40.
Qd5 Rd2 41. Qe4+ Kh8 42. Qxf4 Rd1 43. Qf8+ Kh7 44. b6 Rb1 45. Qd6 Nf5 46. Qd3
Rxb6 47. Qxf5+ Kh8 48. Qf8+ Kh7 49. c5 Rc6 50. Qf5+ Kh8 51. Qd5 Rf6 52. c6 h5
53. c7 h4 54. Qd8+ Kh7 55. Qxf6 gxf6 56. c8=Q Kg6 57. a4 Kf7 58. a5 f5 59. a6 f4
60. a7 Kg6 61. a8=Q f3 62. Qac6+ Kh7 63. Qf5+ Kh8 64. Qh6+ Kg8 65. Qhh7# 1-0